Islamic countries - Sudden death - Statistics

General Stats
  • This quiz has been taken 346 times
  • The average score is 5 of 11
Answers on the Grid
Answers color-coded by a green-red scale on the quiz's grid according to % correct below.
Belgium
Morocco
Indonesia
Russia
Saudi Arabia
United States
Seychelles
New Zealand
Barbados
Bangladesh
Japan
Kazakstan
Albania
Spain
Chad
Slovakia
Brazil
Tanzania
Sri Lanka
South africa
Gambia
Sweden
Egypt
Senegal
Lebanon
India
Pakistan
Mongolia
Armenia
Greece
 
Answer Stats
Answer % Correct
Saudi Arabia
86%
Morocco
84%
Indonesia
74%
Bangladesh
58%
Kazakstan
43%
Pakistan
34%
Egypt
33%
Lebanon
24%
Senegal
12%
Gambia
7%
Tanzania
7%
No matching quizzes found
Score Distribution
Percent of People with Each Score
Percentile by Number Answered
Your Score History
You have not taken this quiz